[Event "Roncana op-B 8th"]
[Site "Santa Eulalia de Roncana"]
[Date "2014.11.08"]
[Round "4"]
[White "Boixader Puig, Angel"]
[Black "Perez Alamo, Sergio"]
[Result "1-0"]
[WhiteElo "1701"]
[BlackElo "1854"]
[PlyCount "69"]
[EventDate "2014.10.11"]
[EventType "swiss"]
[EventRounds "8"]
[EventCountry "ESP"]
[SourceTitle "EXT 2016"]
[Source "ChessBase"]
[SourceDate "2015.10.08"]
[SourceVersion "1"]
[SourceVersionDate "2015.10.08"]
[SourceQuality "1"]

1. Nf3 Nc6 2. g3 e5 3. e4 Nf6 4. Bg2 d6 5. 0-0 Bg4 6. d3 h6 7. h3 Bh5 8. Nbd2 Be7 9. Qe1 0-0 10. Nh4 Nd4 11. g4 Bxg4 12. f3 Nxc2 13. Qg3 Nxa1 14. fxg4 c6 15. Ndf3 Qb6+ 16. Kh2 Nc2 17. Nf5 Rfe8 18. g5 Nh5 19. Nxe7+ Rxe7 20. Qh4 g6 21. gxh6 Rae8 22. Ng5 Ne3 23. Rf3 Nc2 24. Rf1 Ne3 25. Rf3 Nc2 26. Rf2 Qc5 27. Bf3 Ne1 28. Bxh5 gxh5 29. Bd2 Nxd3 30. Rg2 Kh8 31. Qxh5 Nf4 32. Nxf7+ Rxf7 33. Qxf7 Ne6 34. Qxe8+ Kh7 35. Qg8# 1-0